Quick typing#2 - Statistics

General Stats
  • This quiz has been taken 66 times
  • The average score is 7 of 13
Answer Stats
Answer % Correct
B
74%
G
72%
H
70%
K
66%
J
62%
L
62%
Q
60%
P
57%
W
53%
Y
45%
Z
38%
X
32%
V
26%
No matching quizzes found
Score Distribution
Percent of People with Each Score
Percentile by Number Answered
Your Score History
You have not taken this quiz